[Event "Moscow RGGU-ch 10th"]
[Site "Moscow"]
[Date "2021.03.20"]
[Round "1"]
[White "Monjkov, Ivan"]
[Black "Khachaturian, Emin"]
[Result "0-1"]
[WhiteElo "1567"]
[BlackElo "1914"]
[PlyCount "62"]
[EventDate "2021.03.20"]
[EventType "swiss"]
[EventRounds "7"]
[EventCountry "RUS"]
[SourceTitle "EXT 2022"]
[Source "ChessBase"]
[SourceDate "2021.10.06"]
[SourceVersion "1"]
[SourceVersionDate "2021.10.06"]
[SourceQuality "1"]

1. d4 Nf6 2. Nf3 e6 3. e3 c5 4. c3 b6 5. Bd3 Bb7 6. Nbd2 d5 7. 0-0 Be7 8. Re1 0-0 9. e4 dxe4 10. Nxe4 cxd4 11. Nxd4 Nxe4 12. Bxe4 Bxe4 13. Rxe4 Qd5 14. Re1 Rd8 15. Bf4 Nd7 16. Qg4 Bf6 17. Rad1 Qc4 18. Qf3 e5 19. b3 Qc8 20. Nc6 Re8 21. Bg3 Re6 22. Rxd7 Rxc6 23. Qd5 Re6 24. f4 exf4 25. Rxe6 fxe6 26. Qxe6+ Kh8 27. Bxf4 Qxc3 28. Rc7 Qd4+ 29. Be3 Rf8 30. Rxa7 Qd1+ 31. Kf2 Bh4# 0-1